Modelo de especificación de equipo eléctrico de acometida subterránea, y aplicación práctica en los diferentes proveedores de energía
Uloženo v:
| Hlavní autor: | |
|---|---|
| Další autoři: | |
| Médium: | Kniha |
| Vydáno: |
[San José, Costa Rica]
2003
|
| Témata: | |
| Tagy: |
Přidat tag
Žádné tagy, Buďte první, kdo vytvoří štítek k tomuto záznamu!
|
MARC
| LEADER | 00000nam a2200000Ia 4500 | ||
|---|---|---|---|
| 003 | 009327 | ||
| 005 | 20221231144139.0 | ||
| 008 | 140114s2003 cr a m 000 ||s d | ||
| 040 | |c cru CEDI | ||
| 090 | |a TFG 4866 | ||
| 100 | |a Sojo Solís, José Andrés |9 6515 | ||
| 245 | |a Modelo de especificación de equipo eléctrico de acometida subterránea, y aplicación práctica en los diferentes proveedores de energía | ||
| 260 | |c 2003 |a [San José, Costa Rica] | ||
| 300 | |a vii, 100, [60] hojas : ilustraciones | ||
| 500 | |a Proyecto de graduación (bachillerato en ingeniería eléctrica)--Universidad de Costa Rica. Facultad de Ingeniería. Escuela de Ingeniería Eléctrica | ||
| 650 | |x LINEAS ELECTRICAS SUBTERRANEAS |x NORMAS |x DISTRIBUCION DE ENERGIA ELECTRICA |9 6517 | ||
| 700 | |9 6516 |a Valverde Porras, Martha Elena | ||
| 942 | |c TFG | ||
| 999 | |c 17567 |d 17567 | ||
